000 00705nam a2200289Ia 4500
005 20260324125416.0
008 008 260324s9999 xx 000 0 eng d
020 _a9781351152402
037 _aEBOOK
040 _aCRL
040 _beng
040 _cCRL
041 _2eng
041 _aeng
084 _qCRL
100 _aJohn J. Shepherd
_91175984
245 0 _aNinian Smart on World Religions
245 0 _bVolume 2: Traditions and the Challenges of Modernity
260 _bTaylor and Francis
260 _c2009
365 _a
365 _b230
856 _uhttp://www.taylorfrancis.com/books/9781351152402
942 _cEBOOK
999 _c1773097
_d1773097